OSHA 2002 Recordkeeping Simplified (Record no. 2943)

MARC details
005 - DATE AND TIME OF LATEST TRANSACTION
control field 20250602061958.0
020 ## - INTERNATIONAL STANDARD BOOK NUMBER
International Standard Book Number 0750675594
100 ## - MAIN ENTRY--PERSONAL NAME
Author name ROUGHTON, J.E
245 ## - TITLE STATEMENT
Title OSHA 2002 Recordkeeping Simplified
260 ## - PUBLICATION, DISTRIBUTION, ETC.
Place of publication, distribution, etc. Burlington
Name of publisher, distributor, etc. Butterworth Heinemann
Date of publication, distribution, etc. 2003
300 ## - PHYSICAL DESCRIPTION
Extent xxiii, 471p.
Other physical details ill, pictures, tables
Dimensions 23.3 cm
942 ## - ADDED ENTRY ELEMENTS (KOHA)
Source of classification or shelving scheme Dewey Decimal Classification
Koha item type Books
Holdings
Date last seen Total checkouts Full call number Barcode Cost, replacement price Price effective from Koha item type Lost status Source of classification or shelving scheme Damaged status Not for loan Withdrawn status Home library Current library Shelving location Date acquired Cost, normal purchase price Source of acquisition
06/02/2025   65.2 ROU MBY000204 57000.00 06/02/2025 Books   Dewey Decimal Classification       CBE MBEYA CBE MBEYA Special Reserve Collection 06/02/2025 19000.00  
06/28/2025   652.2 ROU MBY000986 57000.00 06/28/2025 Books   Dewey Decimal Classification       CBE MBEYA CBE MBEYA General Collection 06/28/2025 19000.00 PURCHASE